Country/Appearances | Player |
NI, 13 | Alex Higgins | | 98.2% | SCO, 20 | John Higgins | | 98.2% | ENG, 30 | Steve Davis | | 97% | NI, 17 | Dennis Taylor | | 96.7% | SCO, 27 | Stephen Hendry | | 96.7% | ENG, 22 | Ronnie O'Sullivan | | 96.7% | ENG, 6 | Fred Davis | | 96.4% | CAN, 10 | Kirk Stevens | | 96.4% | ENG, 9 | Mark Davis | | 96.4% | WAL, 14 | Matthew Stevens | | 96.4% | ENG, 24 | Jimmy White | | 96.2% | NI, 8 | Mark Allen | | 96.2% | WAL, 17 | Mark Williams | | 95.6% | AUS, 10 | Neil Robertson | | 95.6% | WAL, 2 | Michael White | | 95.6% | ENG, 10 | David Taylor | | 95.3% | HK, 13 | Marco Fu | | 95.3% | CAN, 14 | Cliff Thorburn | | 95% | ENG, 22 | Peter Ebdon | | 95% | IRE, 19 | Ken Doherty | | 94.7% | ENG, 9 | Rex Williams | | 94.4% | SCO, 15 | Graeme Dott | | 94.4% | ENG, 1 | Jimmy Robertson | | 94.4% | WAL, 19 | Terry Griffiths | | 93.2% | CHI, 8 | Ding Junhui | | 93.2% | THA, 13 | James Wattana | | 92.9% | SCO, 17 | Alan McManus | | 92.6% | ENG, 23 | John Parrott | | 92% | MAL, 13 | Tony Drago | | 92% | ENG, 9 | Mark Selby | | 92% | WAL, 10 | Ray Reardon | | 90.8% | ENG, 12 | Shaun Murphy | | 90.8% | ENG, 16 | Willie Thorne | | 90.5% | NI, 1 | Terry Murphy | | 90.5% | IRE, 1 | Stephen Murphy | | 90.2% | ENG, 8 | Paul Hunter | | 90.2% | ENG, 8 | Joe Johnson | | 89.9% | ENG, 12 | John Virgo | | 89.3% | ENG, 4 | Tony Jones | | 89.3% | AUS, 14 | Eddie Charlton | | 89.1% | WAL, 4 | Wayne Jones | | 89.1% | ENG, 1 | Jamie Jones | | 89.1% | SCO, 11 | Stephen Maguire | | 88.8% | ENG, 1 | Bradley Jones | | 88.8% | ENG, 15 | Nigel Bond | | 87.6% | WAL, 17 | Doug Mountjoy | | 87.3% | ENG, 12 | Ali Carter | | 87.3% | ENG, 1 | Kyren Wilson | | 87.3% | ENG, 12 | Neal Foulds | | 87% | WAL, 6 | Cliff Wilson | | 86.7% | ENG, 17 | Stephen Lee | | 85.2% | ENG, 8 | Stuart Bingham | | 85.2% | SA, 7 | Perrie Mans | | 84.9% | SA, 5 | Peter Francisco | | 84.9% | ENG, 12 | Anthony Hamilton | | 84.9% | SA, 8 | Silvino Francisco | | 84.6% | CAN, 10 | Bill Werbeniuk | | 84% | ENG, 14 | Mark King | | 83.7% | AUS, 4 | Warren King | | 83.4% | IRE, 9 | Fergal O'Brien | | 83.4% | ENG, 9 | Steve James | | 82.8% | ENG, 11 | Tony Knowles | | 82.5% | NI, 12 | Joe Swail | | 82.5% | ENG, 9 | John Spencer | | 82% |
|
Country/Appearances | Player |
CAN, 9 | Alain Robidoux | | 82% | AUS, 6 | Quinten Hann | | 82% | ENG, 10 | Tony Meo | | 81.7% | ENG, 13 | Joe Perry | | 81.7% | ENG, 9 | Barry Hawkins | | 81.4% | WAL, 9 | Dominic Dale | | 81.1% | WAL, 10 | Darren Morgan | | 80.5% | NZ, 6 | Dene O'Kane | | 79.9% | ENG, 1 | Barry Morgan | | 79.9% | BEL, 1 | Luca Brecel | | 78.7% | FIN, 2 | Robin Hull | | 77.8% | IRE, 4 | Patsy Fagan | | 77.5% | ENG, 5 | Judd Trump | | 77.5% | ENG, 13 | Mike Hallett | | 76.3% | WAL, 9 | Ryan Day | | 76% | ENG, 11 | Dave Harold | | 75.1% | SCO, 6 | Drew Henry | | 71.9% | ENG, 1 | Rory McLeod | | 71.6% | SCO, 8 | Chris Small | | 71% | ENG, 8 | Andy Hicks | | 70.7% | SCO, 4 | Marcus Campbell | | 70.7% | CAN, 5 | Jim Wych | | 70.4% | AUS, 5 | John Campbell | | 70.4% | ENG, 5 | Robert Milkins | | 70.4% | CHI, 4 | Liang Wenbo | | 69.5% | WAL, 4 | Lee Walker | | 69.2% | CAN, 3 | Bob Chaperon | | 68.6% | ENG, 2 | Nick Walker | | 68.6% | NI, 5 | Gerard Greene | | 68% | ENG, 5 | Barry Pinches | | 67.5% | ENG, 6 | Graham Miles | | 66.9% | ENG, 1 | John Pulman | | 66% | WAL, 3 | Anthony Davies | | 66% | ENG, 4 | Ricky Walden | | 66% | ENG, 8 | Michael Holt | | 65.7% | ENG, 11 | Dean Reynolds | | 65.1% | ENG, 3 | David Gilbert | | 64.8% | CHI, 1 | Zhang Anda | | 64.2% | MAL, 1 | Paul Mifsud | | 63.9% | ENG, 1 | Nigel Gilbert | | 63.9% | ENG, 5 | Martin Clark | | 63.6% | ENG, 7 | Martin Gould | | 63.3% | ENG, 10 | Gary Wilkinson | | 63% | ENG, 4 | Mick Price | | 63% | CAN, 1 | John Bear | | 62.1% | ENG, 1 | Spencer Dunn | | 62.1% | SCO, 2 | Jamie Burnett | | 62.1% | ENG, 6 | Jamie Cope | | 61.8% | THA, 1 | Dechawat Poomjaeng | | 61.8% | ENG, 6 | David Gray | | 61.5% | ENG, 1 | Jack Lisowski | | 60.7% | IRE, 5 | Eugene Hughes | | 59.8% | NI, 1 | Patrick Wallace | | 58.3% | SCO, 1 | Ian Black | | 56.8% | SCO, 1 | Euan Henderson | | 56.8% | ENG, 1 | Peter Lines | | 56.5% | ICE, 1 | Kristjan Helgason | | 56.2% | SCO, 5 | Billy Snaddon | | 55.3% | ENG, 5 | Ian McCulloch | | 55.3% | ENG, 2 | Andrew Higginson | | 55.3% | ENG, 4 | Dave Martin | | 55% | CAN, 1 | Mario Morra | | 54.7% | SCO, 2 | Murdo Macleod | | 54.4% | ENG, 1 | John Dunning | | 54.1% |
|
Country/Appearances | Player |
ENG, 4 | Ray Edmonds | | 53.8% | ENG, 2 | Tom Ford | | 53.6% | ENG, 1 | Matthew Selt | | 52.7% | THA, 1 | Tai Pichit | | 52.4% | WAL, 2 | Steve Newbury | | 52.1% | ENG, 3 | Jason Ferguson | | 51.5% | CHI, 2 | Liu Chuang | | 51.2% | ENG, 1 | Jim Meadowcroft | | 50.9% | ENG, 3 | Les Dodd | | 50.9% | ENG, 1 | Surinder Gill | | 50.6% | CHI, 1 | Cao Yupeng | | 50.6% | IRE, 3 | Michael Judge | | 50% | ENG, 1 | Roy Andrewartha | | 49.7% | ENG, 1 | Mark Johnston-Allen | | 49.7% | SCO, 1 | Eddie Sinclair | | 49.4% | IRE, 1 | Stephen O'Connor | | 49.1% | IRE, 1 | Leo Fernandez | | 49.1% | ENG, 1 | John Read | | 49.1% | ENG, 2 | Barry West | | 48.5% | ENG, 1 | Ian Graham | | 48.5% | ENG, 4 | Danny Fowler | | 48.2% | WAL, 4 | Mark Bennett | | 48.2% | CHI, 1 | Xiao Guodong | | 48.2% | ENG, 6 | David Roe | | 47.9% | CAN, 1 | Brady Gollan | | 47.9% | ENG, 1 | Steve Duggan | | 47.6% | NI, 1 | Joe O'Boye | | 47.6% | ENG, 1 | Simon Bedford | | 47.6% | NI, 2 | Jason Prince | | 47.6% | ENG, 1 | Nick Dyson | | 47.3% | ENG, 1 | Alfie Burden | | 47.3% | SCO, 1 | Jim Donnelly | | 47% | IRE, 1 | Paddy Browne | | 47% | ENG, 2 | Rod Lawler | | 47% | ENG, 1 | Craig Edwards | | 46.7% | ENG, 1 | Jack Fitzmaurice | | 45.9% | ENG, 1 | Michael Wasley | | 45.9% | ENG, 1 | Mick Fisher | | 45.6% | WAL, 1 | Tony Chappel | | 45.6% | ENG, 2 | Gary Ponting | | 45.6% | ENG, 1 | Ben Woollaston | | 45.6% | ENG, 1 | Sam Baird | | 45.3% | ENG, 1 | Mark Wildman | | 44.7% | ENG, 1 | Steve Longworth | | 44.7% | IRE, 1 | Joe Delaney | | 44.7% | SCO, 1 | John Lardner | | 43.8% | WAL, 1 | Andrew Pagett | | 43.8% | ENG, 1 | Pat Houlihan | | 43.2% | ENG, 1 | John Giles | | 43.2% | ENG, 1 | Jon Wright | | 42.9% | ENG, 1 | Jimmy Michie | | 42.6% | SCO, 1 | Graham Horne | | 42.6% | ENG, 2 | Stefan Mazrocis | | 42.3% | ENG, 1 | Nick Terry | | 42.3% | ENG, 1 | Sean Storey | | 42% | CAN, 1 | Marcel Gauvreau | | 41.4% | ENG, 1 | Shaun Mellish | | 40.8% | ENG, 1 | Karl Payne | | 39.6% | SCO, 1 | David McLellan | | 38.8% | ENG, 1 | Stuart Pettman | | 38.8% | ENG, 1 | Robert Marshall | | 37.9% | ENG, 1 | Paul Cavney | | 36.1% |
|
Comments